[Event "HUN-chT 2425"]
[Site "Hungary"]
[Date "2024.11.03"]
[Round "2.31"]
[White "Perunovic, Milos"]
[Black "Erdos, Viktor"]
[Result "1/2-1/2"]
[WhiteElo "2508"]
[BlackElo "2533"]
[PlyCount "61"]
[EventDate "2024.11.02"]
[EventType "team-tourn"]
[EventRounds "9"]
[EventCountry "HUN"]
[SourceTitle "CB45_2024"]
[Source "ChessBase"]
[SourceDate "2024.11.06"]
[SourceVersion "1"]
[SourceVersionDate "2024.11.06"]
[SourceQuality "1"]
[WhiteTeam "Maroczy"]
[BlackTeam "Budapest MTK"]
[WhiteTeamCountry "HUN"]
[BlackTeamCountry "HUN"]

1. e4 e5 2. Nf3 Nc6 3. Bb5 Nf6 4. 0-0 Nxe4 5. Re1 Nd6 6. Nxe5 Be7 7. Bf1 Nxe5 8. Rxe5 0-0 9. d4 Bf6 10. Re1 Re8 11. Bf4 Rxe1 12. Qxe1 Ne8 13. c3 d5 14. Bd3 g6 15. Nd2 Ng7 16. Qe2 c6 17. Re1 Bf5 18. Bxf5 Nxf5 19. Nf3 Ng7 20. Be5 Ne6 21. Bxf6 Qxf6 22. Ne5 Re8 23. Ng4 Qd8 24. Qe5 Ng7 25. Qxe8+ Nxe8 26. Rxe8+ Qxe8 27. Nf6+ Kf8 28. Nxe8 Kxe8 29. f4 f5 30. Kf2 Ke7 31. Ke3 1/2-1/2

[Event "AUT-chT 2425"]
[Site "Austria"]
[Date "2024.10.13"]
[Round "5.5"]
[White "Kuegel, Tobias"]
[Black "Perunovic, Milos"]
[Result "1-0"]
[WhiteElo "2428"]
[BlackElo "2525"]
[PlyCount "77"]
[EventDate "2024.10.09"]
[EventType "team-tourn"]
[EventRounds "11"]
[EventCountry "AUT"]
[SourceTitle "CB42_2024"]
[Source "ChessBase"]
[SourceDate "2024.10.16"]
[SourceVersion "1"]
[SourceVersionDate "2024.10.16"]
[SourceQuality "1"]
[WhiteTeam "St Veit"]
[BlackTeam "Pinggau Friedberg"]
[WhiteTeamCountry "AUT"]
[BlackTeamCountry "AUT"]

1. e4 c5 2. Nf3 e6 3. d4 cxd4 4. Nxd4 Nf6 5. Nc3 Nc6 6. Ndb5 Bc5 7. Nd6+ Ke7 8. Bf4 e5 9. Nf5+ Kf8 10. Bg5 h6 11. Bxf6 Qxf6 12. Bc4 d6 13. Ne3 g6 14. Qd2 Kg7 15. 0-0-0 Be6 16. Bb3 Nd4 17. Bxe6 Nxe6 18. Rhf1 Qf4 19. g3 Qf3 20. Qd3 Kh7 21. Ned5 Qxd3 22. Rxd3 f5 23. f4 Rhf8 24. Rdf3 exf4 25. gxf4 Rae8 26. Re1 Kg7 27. Kd1 a6 28. a3 Nd4 29. Rg3 Ne6 30. Rg2 fxe4 31. Rxe4 Nd4 32. Ne7 g5 33. Ncd5 Kh7 34. b4 Ba7 35. fxg5 Rf1+ 36. Re1 Ref8 37. Nf6+ R8xf6 38. gxf6 Rxf6 39. Nc8 1-0

[Event "SRB-chT Premier"]
[Site "Bajina Basta"]
[Date "2024.10.04"]
[Round "8.3"]
[White "Perunovic, Milos"]
[Black "Nenezic, Marko"]
[Result "0-1"]
[WhiteElo "2525"]
[BlackElo "2492"]
[PlyCount "102"]
[EventDate "2024.09.27"]
[EventType "team-tourn"]
[EventRounds "11"]
[EventCountry "SRB"]
[SourceTitle "EXT 2025"]
[Source "ChessBase"]
[SourceDate "2024.10.14"]
[SourceVersion "1"]
[SourceVersionDate "2024.10.14"]
[SourceQuality "1"]
[WhiteTeam "Ruma Sloven"]
[BlackTeam "Pozega"]
[WhiteTeamCountry "SRB"]
[BlackTeamCountry "SRB"]

1. e4 c5 2. Nf3 Nc6 3. Bb5 g6 4. Bxc6 dxc6 5. d3 Qc7 6. a4 e5 7. Be3 Nf6 8. h3 h6 9. Qd2 Be6 10. Na3 a5 11. 0-0 g5 12. Qc3 Nd7 13. Nc4 b5 14. axb5 cxb5 15. Rxa5 Rb8 16. Rfa1 bxc4 17. Ra7 Rb7 18. Ra8+ Ke7 19. dxc4 Bg7 20. R8a5 Rhb8 21. b3 f6 22. Ne1 Bf8 23. Nd3 Kf7 24. f3 Be7 25. Ra6 Rb6 26. Ra7 R8b7 27. R7a5 Kg7 28. Qe1 f5 29. Bf2 f4 30. Qc3 Rc6 31. Ra8 Bf7 32. Qa5 Qd6 33. Rd1 Qe6 34. Kf1 Rbb6 35. Ra1 Rc7 36. Rd1 Qc6 37. Ra1 Kh7 38. Qc3 Qe6 39. R1a5 Bd6 40. Qa1 Qe7 41. Qa3 h5 42. Ke2 Rbc6 43. R5a6 Rxa6 44. Rxa6 Nb8 45. Rb6 Ra7 46. Qb2 Ra8 47. b4 cxb4 48. c5 Bc7 49. Rb7 Nc6 50. Nxb4 Na5 51. Qa1 Qd8 0-1

[Event "SRB-chT Premier"]
[Site "Bajina Basta"]
[Date "2024.10.01"]
[Round "5.3"]
[White "Szalai, Kornel"]
[Black "Perunovic, Milos"]
[Result "0-1"]
[WhiteElo "2388"]
[BlackElo "2525"]
[PlyCount "58"]
[EventDate "2024.09.27"]
[EventType "team-tourn"]
[EventRounds "11"]
[EventCountry "SRB"]
[SourceTitle "EXT 2025"]
[Source "ChessBase"]
[SourceDate "2024.10.14"]
[SourceVersion "1"]
[SourceVersionDate "2024.10.14"]
[SourceQuality "1"]
[WhiteTeam "Bajsa Lajos Segi"]
[BlackTeam "Ruma Sloven"]
[WhiteTeamCountry "SRB"]
[BlackTeamCountry "SRB"]

1. Nf3 Nf6 2. c4 e6 3. e3 d5 4. Nc3 c5 5. cxd5 exd5 6. d4 a6 7. Be2 Nc6 8. 0-0 Bd6 9. b3 0-0 10. dxc5 Bxc5 11. Bb2 Ba7 12. Qd3 Be6 13. Rfd1 Qe7 14. Rac1 Rad8 15. Na4 Ne4 16. Nd4 Ne5 17. Qb1 Qh4 18. g3 Qh6 19. Nc3 Nxf2 20. Kxf2 Qxh2+ 21. Ke1 Qxg3+ 22. Kd2 Bxd4 23. exd4 Qf4+ 24. Ke1 Qh4+ 25. Kd2 Qxd4+ 26. Ke1 Qh4+ 27. Kd2 Qf4+ 28. Ke1 Bf5 29. Qa1 Qe3 0-1

[Event "FRM-chT 32nd"]
[Site "Struga"]
[Date "2024.07.28"]
[Round "5.1"]
[White "Perunovic, Milos"]
[Black "Atalik, Suat"]
[Result "1/2-1/2"]
[WhiteElo "2533"]
[BlackElo "2456"]
[PlyCount "21"]
[EventDate "2024.07.24"]
[EventType "team-tourn"]
[EventRounds "9"]
[EventCountry "MKD"]
[SourceTitle "EXT 2025"]
[Source "ChessBase"]
[SourceDate "2024.10.14"]
[SourceVersion "1"]
[SourceVersionDate "2024.10.14"]
[SourceQuality "1"]
[WhiteTeam "Gostivar"]
[BlackTeam "Kumanovo GSHK"]
[WhiteTeamCountry "MKD"]
[BlackTeamCountry "MKD"]

1. e4 c5 2. Nf3 e6 3. d4 cxd4 4. Nxd4 a6 5. Bd3 Bc5 6. Nb3 Ba7 7. Qe2 Ne7 8. Nc3 b5 9. Be3 0-0 10. 0-0 Bxe3 11. Qxe3 1/2-1/2

[Event "SRB-ch 18th"]
[Site "Senta"]
[Date "2024.06.19"]
[Round "3"]
[White "Popovic, Dusan"]
[Black "Perunovic, Milos"]
[Result "1/2-1/2"]
[WhiteElo "2486"]
[BlackElo "2531"]
[PlyCount "60"]
[EventDate "2024.06.17"]
[EventType "tourn"]
[EventRounds "9"]
[EventCountry "SRB"]
[EventCategory "12"]
[SourceTitle "CBM 220 Extra"]
[Source "ChessBase"]
[SourceDate "2024.07.31"]
[SourceVersion "1"]
[SourceVersionDate "2024.07.31"]
[SourceQuality "1"]

1. e4 c5 2. Nf3 Nc6 3. Bb5 g6 4. Bxc6 bxc6 5. 0-0 Bg7 6. Re1 Qc7 7. e5 f6 8. d4 cxd4 9. Bf4 fxe5 10. Bxe5 Bxe5 11. Nxe5 d6 12. Nc4 Nf6 13. Qxd4 0-0 14. Nc3 Bf5 15. Qd2 Rad8 16. f3 e5 17. Rad1 Be6 18. Qd3 Bxc4 19. Qxc4+ d5 20. Qc5 Rfe8 21. b4 Qb6 22. Na4 Qxc5+ 23. Nxc5 Kf7 24. Nb7 Rd7 25. Nc5 Rdd8 26. Nb7 Rd7 27. Nc5 Rdd8 28. Nb7 Rd7 29. Nc5 Rdd8 30. Nb7 Rd7 1/2-1/2

[Event "Budapest SixDays 06 GM-B"]
[Site "Budapest"]
[Date "2024.06.07"]
[Round "8"]
[White "Lohia, Sohum"]
[Black "Perunovic, Milos"]
[Result "1/2-1/2"]
[WhiteElo "2270"]
[BlackElo "2531"]
[PlyCount "39"]
[EventDate "2024.06.03"]
[EventType "tourn"]
[EventRounds "9"]
[EventCountry "HUN"]
[EventCategory "6"]
[SourceTitle "CBM 220 Extra"]
[Source "ChessBase"]
[SourceDate "2024.07.31"]
[SourceVersion "1"]
[SourceVersionDate "2024.07.31"]
[SourceQuality "1"]

1. e4 c5 2. Nf3 Nc6 3. Bb5 e6 4. 0-0 Nge7 5. Re1 a6 6. Bf1 Ng6 7. d4 cxd4 8. Nxd4 Qc7 9. Nc3 Be7 10. Be3 0-0 11. g3 b5 12. Nxc6 Qxc6 13. Bg2 Bb7 14. Ne2 Ne5 15. b3 Qc7 16. Nd4 Bb4 17. Bd2 Bc5 18. Be3 Bb4 19. Bd2 Bc5 20. Be3 1/2-1/2

[Event "Budapest SixDays 06 GM-B"]
[Site "Budapest"]
[Date "2024.06.04"]
[Round "2"]
[White "Perunovic, Milos"]
[Black "Sathvik, Adiga"]
[Result "1-0"]
[WhiteElo "2531"]
[BlackElo "2389"]
[PlyCount "87"]
[EventDate "2024.06.03"]
[EventType "tourn"]
[EventRounds "9"]
[EventCountry "HUN"]
[EventCategory "6"]
[SourceTitle "CBM 220 Extra"]
[Source "ChessBase"]
[SourceDate "2024.07.31"]
[SourceVersion "1"]
[SourceVersionDate "2024.07.31"]
[SourceQuality "1"]

1. e4 e5 2. Nf3 Nc6 3. Bb5 a6 4. Ba4 Nf6 5. d3 b5 6. Bb3 Bc5 7. c3 d6 8. Nbd2 0-0 9. Nf1 h6 10. Ng3 Ne7 11. a4 Bb7 12. 0-0 Ng6 13. d4 Bb6 14. Re1 Qd7 15. Be3 Ng4 16. Bd2 Rad8 17. Bc2 Nf6 18. Qc1 Kh7 19. b4 Rfe8 20. h3 d5 21. Nxe5 Nxe5 22. dxe5 Nxe4 23. Be3 Bxe3 24. Rxe3 Kh8 25. Nxe4 dxe4 26. axb5 Rxe5 27. bxa6 Ba8 28. Re1 Qc6 29. Qe3 Qg6 30. a7 f5 31. Ra5 Rxa5 32. bxa5 Rf8 33. Rb1 f4 34. Qc5 Rg8 35. Rb8 f3 36. g4 Qd6 37. Qxd6 cxd6 38. Bb3 d5 39. c4 g5 40. cxd5 e3 41. fxe3 Kg7 42. d6 Rf8 43. Kf2 Bc6 44. d7 1-0

[Event "Titled Tuesday intern op 05th Mar Early"]
[Site "Chess.com INT"]
[Date "2024.03.05"]
[Round "5"]
[White "Perunovic, Milos"]
[Black "Jimenez Almeida, Luis David"]
[Result "1-0"]
[WhiteElo "2535"]
[BlackElo "2200"]
[PlyCount "113"]
[EventDate "2024.03.05"]
[EventType "swiss (blitz)"]
[EventRounds "11"]
[EventCountry "USA"]
[SourceTitle "EXT 2025"]
[Source "ChessBase"]
[SourceDate "2024.10.14"]
[SourceVersion "1"]
[SourceVersionDate "2024.10.14"]
[SourceQuality "1"]

1. e4 g6 2. d4 Bg7 3. Nc3 d6 4. Bg5 h6 5. Bh4 a6 6. Qd2 Nd7 7. f4 b5 8. Nf3 Bb7 9. 0-0-0 b4 10. Nd5 Bxd5 11. exd5 Ngf6 12. Qxb4 Nxd5 13. Qd2 N7f6 14. Bd3 Qd7 15. c4 Nb6 16. Rhe1 0-0 17. f5 g5 18. Bf2 Qa4 19. b3 Qa3+ 20. Qb2 Qxb2+ 21. Kxb2 Ng4 22. Bg1 Rfe8 23. a4 a5 24. Kc2 Rab8 25. Re2 c6 26. Rde1 Rb7 27. h3 Nf6 28. g4 Kf8 29. Bh2 Reb8 30. Rxe7 Rxe7 31. Bxd6 Nc8 32. Bxb8 Rb7 33. Be5 Nd7 34. Bxg7+ Kxg7 35. Ne5 Nxe5 36. Rxe5 Rd7 37. Kc3 f6 38. Rxa5 h5 39. Rc5 Ne7 40. a5 hxg4 41. hxg4 Ra7 42. b4 Ra8 43. Be4 Ra6 44. d5 cxd5 45. Bxd5 Kf8 46. Be6 Ke8 47. Rc7 Ra8 48. c5 Ra6 49. Kc4 Ra8 50. Kb5 Rb8+ 51. Ka4 Ra8 52. b5 Kd8 53. Rd7+ Ke8 54. a6 Nc8 55. Ka5 Na7 56. Rxa7 Rxa7 57. b6 1-0

[Event "Titled Tuesday intern op 05th Mar Early"]
[Site "Chess.com INT"]
[Date "2024.03.05"]
[Round "11"]
[White "Perunovic, Milos"]
[Black "Marin Ferragut, Pau"]
[Result "1-0"]
[WhiteElo "2535"]
[BlackElo "2165"]
[PlyCount "91"]
[EventDate "2024.03.05"]
[EventType "swiss (blitz)"]
[EventRounds "11"]
[EventCountry "USA"]
[SourceTitle "EXT 2025"]
[Source "ChessBase"]
[SourceDate "2024.10.14"]
[SourceVersion "1"]
[SourceVersionDate "2024.10.14"]
[SourceQuality "1"]

1. e4 c6 2. d4 d5 3. e5 Bf5 4. h4 h6 5. g4 Bh7 6. e6 f5 7. Bd3 Nf6 8. gxf5 c5 9. Nf3 c4 10. Ne5 cxd3 11. Qxd3 Qc7 12. Nc3 Nc6 13. Bf4 Qb6 14. 0-0-0 Rc8 15. a3 a6 16. Na4 Qb5 17. Qxb5 axb5 18. Nb6 Rd8 19. Nf7 Rg8 20. Nxd8 Kxd8 21. Rh3 Bxf5 22. Rb3 Bxe6 23. Rxb5 Bg4 24. Rd2 Ne4 25. Rxd5+ Ke8 26. Rd3 e6 27. Rd7 Nxf2 28. Re3 e5 29. Rxb7 e4 30. Rc3 Nxd4 31. Rcc7 Ne6 32. Rb8+ Nd8 33. a4 Be7 34. a5 g5 35. hxg5 hxg5 36. Bg3 e3 37. a6 Ne4 38. a7 Nxg3 39. a8Q e2 40. Rxd8+ Bxd8 41. Qc6+ Kf8 42. Qd6+ Ke8 43. Qe5+ Kf8 44. Nd7+ Bxd7 45. Rxd7 Ba5 46. Qe7# 1-0

[Event "Titled Tuesday intern op 27th Feb Early"]
[Site "Chess.com INT"]
[Date "2024.02.27"]
[Round "5"]
[White "Herman, Daniel"]
[Black "Perunovic, Milos"]
[Result "0-1"]
[WhiteElo "1927"]
[BlackElo "2535"]
[PlyCount "62"]
[EventDate "2024.02.27"]
[EventType "swiss (blitz)"]
[EventRounds "11"]
[EventCountry "USA"]
[SourceTitle "EXT 2025"]
[Source "ChessBase"]
[SourceDate "2024.10.14"]
[SourceVersion "1"]
[SourceVersionDate "2024.10.14"]
[SourceQuality "1"]

1. e4 c5 2. Nf3 e6 3. d4 cxd4 4. Nxd4 Nc6 5. Nc3 Qc7 6. g3 a6 7. Bg2 Nf6 8. 0-0 Bc5 9. Be3 Ne5 10. h3 b5 11. Ndxb5 axb5 12. Nxb5 Qb6 13. Bxc5 Qxc5 14. Nd6+ Ke7 15. Nxc8+ Rhxc8 16. c3 Rab8 17. Qe2 Qb5 18. Qxb5 Rxb5 19. f4 Nd3 20. e5 Nd5 21. a4 Rxb2 22. Bxd5 exd5 23. a5 Rxc3 24. a6 Rcc2 25. Rf3 Rg2+ 26. Kh1 Rh2+ 27. Kg1 Rbg2+ 28. Kf1 Nc5 29. a7 Rh1+ 30. Kxg2 Rxa1 31. Rd3 Nxd3 0-1

[Event "Titled Tuesday intern op 27th Feb Early"]
[Site "Chess.com INT"]
[Date "2024.02.27"]
[Round "8"]
[White "Perunovic, Milos"]
[Black "Golubev, Mikhail"]
[Result "1/2-1/2"]
[WhiteElo "2535"]
[BlackElo "2461"]
[PlyCount "123"]
[EventDate "2024.02.27"]
[EventType "swiss (blitz)"]
[EventRounds "11"]
[EventCountry "USA"]
[SourceTitle "EXT 2025"]
[Source "ChessBase"]
[SourceDate "2024.10.14"]
[SourceVersion "1"]
[SourceVersionDate "2024.10.14"]
[SourceQuality "1"]

1. e4 c5 2. Nf3 d6 3. d4 cxd4 4. Nxd4 Nf6 5. Nc3 g6 6. Be3 Bg7 7. f3 Nc6 8. Qd2 0-0 9. 0-0-0 d5 10. Nxc6 bxc6 11. Bh6 Bxh6 12. Qxh6 Rb8 13. e5 Nd7 14. h4 Nxe5 15. h5 Bf5 16. g4 f6 17. Qe3 Bd7 18. hxg6 Qb6 19. Qxb6 axb6 20. gxh7+ Kh8 21. Re1 Rf7 22. Bg2 Ng6 23. Ne2 Rxh7 24. Nd4 e5 25. Nb3 Nf4 26. Rxh7+ Kxh7 27. Bf1 Kg7 28. a4 c5 29. a5 c4 30. Nd4 bxa5 31. Ne2 Nxe2+ 32. Bxe2 d4 33. Bxc4 Bc6 34. Be2 a4 35. Rh1 Rh8 36. Rxh8 Kxh8 37. b4 axb3 38. cxb3 Kg7 39. b4 Kf7 40. b5 Bd5 41. Kb2 Ke7 42. Ka3 Kd6 43. Kb4 Bb7 44. b6 Kc6 45. Ka5 Kc5 46. Ba6 Bc6 47. b7 Bxb7 48. Bxb7 d3 49. Ba6 Kd4 50. Kb4 Ke3 51. Kc3 Kxf3 52. Kxd3 Kxg4 53. Bc8+ Kf4 54. Ke2 f5 55. Bb7 e4 56. Kf2 Ke5 57. Bc6 f4 58. Bxe4 Kxe4 59. Ke2 f3+ 60. Kf2 Kf4 61. Kf1 f2 62. Kxf2 1/2-1/2